| 000 | 00000nam##2200000za#4500 |
| 001 | 9.685225 |
| 003 | CaOODSP |
| 005 | 20210615134723 |
| 007 | ta |
| 008 | 150407|2011||||xxc||||| f|0| 0 fre|d |
| 020 | |a978-1-100-96912-1 |
| 040 | |aCaOODSP|bfre |
| 043 | |an-cn--- |
| 086 | 1 |aH128-1/11-646F |
| 110 | 1 |aCanada. |bSanté Canada. |
| 245 | 10|aPréparation des installations de santé en vue d'une chaleur accablante : |brecommandations pour les gestionnaires de résidences pour personnes âgées et d'installations de soins de santé |
| 260 | |aOttawa - Ontario : |bSanté Canada |c[2011]. |
| 300 | |a[2]p. ; |c28 cm. |
| 563 | |aDépliant |
| 590 | |a12-22|b2012-06-01 |
| 691 | 07|aÉtablissement de santé|2gcpds |
| 691 | 07|aTemps|2gcpds |
| 775 | 08|tHealth facilities preparation for extreme heat : |w(CaOODSP)9.652248 |
| 776 | 0#|tPréparation des installations de santé en vue d'une chaleur accablante : |w(CaOODSP)9.640365 |
| 986 | |aPub. SC : 110068 |